[Event "April 9 Early 2024"]
[Site "Chess.com"]
[Date "2024.04.09"]
[Round "9"]
[White "Hubbard, Andrew"]
[Black "Gelman, Alexander"]
[Result "0-1"]
[Board "69"]
[WhiteFideId "2031787"]
[BlackFideId "4118316"]
[WhiteTitle "FM"]
[BlackTitle "IM"]
[WhiteElo "2426"]
[BlackElo "2662"]
[WhiteTeam "USA"]
[BlackTeam "RUS"]
[WhiteClock "0:00:09"]
[BlackClock "0:00:08"]
[Variant "Standard"]

1. d4 {[%clk 0:01:54]}  Nf6 {[%clk 0:02:59]} 2. c4 {[%clk 0:01:54]}  c5 {[%clk 0:02:59]} 3. d5 {[%clk 0:01:54]}  b5 {[%clk 0:03:00]} 4. f3 {[%clk 0:01:54]}  bxc4 {[%clk 0:02:52]} 5. e4 {[%clk 0:01:54]}  e6 {[%clk 0:02:53]} 6. Bxc4 {[%clk 0:01:54]}  exd5 {[%clk 0:02:53]} 7. exd5 {[%clk 0:01:54]}  Nh5 {[%clk 0:02:40]} 8. Qe2+ {[%clk 0:01:35]}  Qe7 {[%clk 0:02:35]} 9. Bg5 {[%clk 0:01:34]}  f6 {[%clk 0:02:28]} 10. Be3 {[%clk 0:01:29]}  Qe5 {[%clk 0:02:18]} 11. Nc3 {[%clk 0:01:24]}  Bd6 {[%clk 0:02:15]} 12. O-O-O {[%clk 0:01:20]}  O-O {[%clk 0:02:15]} 13. Ne4 {[%clk 0:01:17]}  Re8 {[%clk 0:01:53]} 14. Qf2 {[%clk 0:01:00]}  Ba6 {[%clk 0:01:48]} 15. Nxd6 {[%clk 0:00:51]}  Qxd6 {[%clk 0:01:44]} 16. Bb3 {[%clk 0:00:47]}  c4 {[%clk 0:01:35]} 17. Bc2 {[%clk 0:00:46]}  c3 {[%clk 0:01:35]} 18. Qh4 {[%clk 0:00:32]}  Rxe3 {[%clk 0:00:59]} 19. Qxh5 {[%clk 0:00:32]}  Qb4 {[%clk 0:00:51]} 20. Qxh7+ {[%clk 0:00:24]}  Kf8 {[%clk 0:00:50]} 21. Qh8+ {[%clk 0:00:24]}  Kf7 {[%clk 0:00:48]} 22. Qh5+ {[%clk 0:00:20]}  Kf8 {[%clk 0:00:28]} 23. Qh8+ {[%clk 0:00:20]}  Kf7 {[%clk 0:00:20]} 24. Qh5+ {[%clk 0:00:20]}  Ke7 {[%clk 0:00:11]} 25. d6+ {[%clk 0:00:19]}  Kd8 {[%clk 0:00:12]} 26. Qh8+ {[%clk 0:00:16]}  Re8 {[%clk 0:00:11]} 27. Qxe8+ {[%clk 0:00:14]}  Kxe8 {[%clk 0:00:11]} 28. Bg6+ {[%clk 0:00:14]}  Kd8 {[%clk 0:00:09]} 29. bxc3 {[%clk 0:00:13]}  Qxc3+ {[%clk 0:00:08]} 30. Kb1 {[%clk 0:00:13]}  Nc6 {[%clk 0:00:08]} 31. Bc2 {[%clk 0:00:09]}  Rb8+ {[%clk 0:00:06]} 32. Bb3 {[%clk 0:00:10]}  Rxb3+ {[%clk 0:00:06]} 33. axb3 {[%clk 0:00:11]}  Qxb3+ {[%clk 0:00:07]} 34. Kc1 {[%clk 0:00:11]}  Qc3+ {[%clk 0:00:07]} 35. Kb1 {[%clk 0:00:11]}  Bd3+ {[%clk 0:00:07]} 36. Rxd3 {[%clk 0:00:10]}  Qxd3+ {[%clk 0:00:08]} 37. Kb2 {[%clk 0:00:11]}  Qd2+ {[%clk 0:00:07]} 38. Kb3 {[%clk 0:00:09]}  Qxg2 {[%clk 0:00:08]} 0-1

[Event "April 9 Early 2024"]
[Site "Chess.com"]
[Date "2024.04.09"]
[Round "9"]
[White "Agasarov, Benik"]
[Black "Gontcharov, Vladislav"]
[Result "0-1"]
[Board "73"]
[WhiteFideId "13314823"]
[BlackFideId "4123492"]
[WhiteTitle "FM"]
[WhiteElo "2814"]
[BlackElo "2589"]
[WhiteTeam "ARM"]
[BlackTeam "RUS"]
[WhiteClock "0:00:00"]
[BlackClock "0:00:09"]
[Variant "Standard"]

1. d4 {[%clk 0:03:00]}  Nf6 {[%clk 0:02:59]} 2. Nf3 {[%clk 0:03:00]}  e6 {[%clk 0:02:58]} 3. c4 {[%clk 0:02:59]}  Bb4+ {[%clk 0:02:57]} 4. Nc3 {[%clk 0:02:56]}  O-O {[%clk 0:02:51]} 5. Bg5 {[%clk 0:02:54]}  c5 {[%clk 0:02:49]} 6. Rc1 {[%clk 0:02:51]}  d6 {[%clk 0:02:28]} 7. e3 {[%clk 0:02:43]}  h6 {[%clk 0:02:27]} 8. Bh4 {[%clk 0:02:41]}  Nbd7 {[%clk 0:02:26]} 9. a3 {[%clk 0:02:39]}  Bxc3+ {[%clk 0:02:18]} 10. Rxc3 {[%clk 0:02:40]}  cxd4 {[%clk 0:02:18]} 11. Qxd4 {[%clk 0:02:32]}  Qe7 {[%clk 0:01:55]} 12. Be2 {[%clk 0:02:31]}  b6 {[%clk 0:01:53]} 13. O-O {[%clk 0:02:29]}  Rd8 {[%clk 0:01:52]} 14. Rd1 {[%clk 0:02:28]}  Nf8 {[%clk 0:01:48]} 15. Bg3 {[%clk 0:02:23]}  e5 {[%clk 0:01:46]} 16. Nxe5 {[%clk 0:01:44]}  Ne6 {[%clk 0:01:41]} 17. Nc6 {[%clk 0:01:42]}  Qc7 {[%clk 0:01:23]} 18. Qh4 {[%clk 0:01:37]}  Qxc6 {[%clk 0:01:07]} 19. Bf3 {[%clk 0:01:37]}  Qa4 {[%clk 0:01:07]} 20. c5 {[%clk 0:00:34]}  Qxh4 {[%clk 0:01:01]} 21. Bxh4 {[%clk 0:00:35]}  d5 {[%clk 0:00:56]} 22. Bxf6 {[%clk 0:00:23]}  gxf6 {[%clk 0:00:54]} 23. Rxd5 {[%clk 0:00:22]}  Ba6 {[%clk 0:00:44]} 24. c6 {[%clk 0:00:07]}  Rxd5 {[%clk 0:00:41]} 25. Bxd5 {[%clk 0:00:08]}  Rc8 {[%clk 0:00:38]} 26. f3 {[%clk 0:00:06]}  Kf8 {[%clk 0:00:33]} 27. Kf2 {[%clk 0:00:06]}  Ke7 {[%clk 0:00:33]} 28. b4 {[%clk 0:00:06]}  Bb5 {[%clk 0:00:31]} 29. g3 {[%clk 0:00:02]}  Nd8 {[%clk 0:00:31]} 30. c7 {[%clk 0:00:02]}  Ne6 {[%clk 0:00:31]} 31. Rb3 {[%clk 0:00:01]}  Rxc7 {[%clk 0:00:30]} 32. Be4 {[%clk 0:00:01]}  Ba4 {[%clk 0:00:22]} 33. Rb2 {[%clk 0:00:02]}  Rc3 {[%clk 0:00:21]} 34. Ra2 {[%clk 0:00:02]}  Nc7 {[%clk 0:00:17]} 35. g4 {[%clk 0:00:02]}  Nb5 {[%clk 0:00:17]} 36. h4 {[%clk 0:00:02]}  Rxa3 {[%clk 0:00:17]} 37. Rd2 {[%clk 0:00:03]}  Nd6 {[%clk 0:00:16]} 38. Bh7 {[%clk 0:00:02]}  Rc3 {[%clk 0:00:16]} 39. h5 {[%clk 0:00:02]}  Bb5 {[%clk 0:00:15]} 40. f4 {[%clk 0:00:01]}  a5 {[%clk 0:00:15]} 41. bxa5 {[%clk 0:00:01]}  bxa5 {[%clk 0:00:15]} 42. g5 {[%clk 0:00:02]}  fxg5 {[%clk 0:00:15]} 43. fxg5 {[%clk 0:00:03]}  hxg5 {[%clk 0:00:15]} 44. h6 {[%clk 0:00:04]}  Rc1 {[%clk 0:00:14]} 45. Kg2 {[%clk 0:00:03]}  Bc6+ {[%clk 0:00:13]} 46. Kg3 {[%clk 0:00:02]}  Rh1 {[%clk 0:00:12]} 47. Rh2 {[%clk 0:00:03]}  Rxh2 {[%clk 0:00:11]} 48. Kxh2 {[%clk 0:00:04]}  Ne4 {[%clk 0:00:09]} 49. Bf5 {[%clk 0:00:03]}  Kf8 {[%clk 0:00:08]} 50. Bg4 {[%clk 0:00:02]}  a4 {[%clk 0:00:08]} 51. Bd1 {[%clk 0:00:02]}  a3 {[%clk 0:00:09]} 52. Bb3 {[%clk 0:00:03]}  Nc3 {[%clk 0:00:08]} 53. h7 {[%clk 0:00:03]}  Kg7 {[%clk 0:00:09]} 54. Bxf7 {[%clk 0:00:03]}  Kxh7 {[%clk 0:00:09]} 55. Kg3 {[%clk 0:00:04]}  Kh6 {[%clk 0:00:09]} 56. e4 {[%clk 0:00:03]}  Bxe4 {[%clk 0:00:09]} 57. Kg4 {[%clk 0:00:00]}  Bd5 {[%clk 0:00:09]} 0-1

[Event "April 9 Early 2024"]
[Site "Chess.com"]
[Date "2024.04.09"]
[Round "9"]
[White "Bilan, Danila"]
[Black "Shuvalova, Polina"]
[Result "0-1"]
[Board "74"]
[WhiteFideId "24161918"]
[BlackFideId "24171760"]
[WhiteTitle "FM"]
[BlackTitle "IM"]
[WhiteElo "2583"]
[BlackElo "2797"]
[WhiteTeam "RUS"]
[BlackTeam "FID"]
[WhiteClock "0:00:00"]
[BlackClock "0:00:08"]
[Variant "Standard"]

1. d4 {[%clk 0:03:00]}  Nf6 {[%clk 0:02:59]} 2. Nf3 {[%clk 0:03:01]}  d5 {[%clk 0:02:58]} 3. c4 {[%clk 0:03:01]}  e6 {[%clk 0:02:58]} 4. Nc3 {[%clk 0:03:00]}  c5 {[%clk 0:02:58]} 5. cxd5 {[%clk 0:02:57]}  Nxd5 {[%clk 0:02:59]} 6. e4 {[%clk 0:02:55]}  Nxc3 {[%clk 0:02:58]} 7. bxc3 {[%clk 0:02:56]}  cxd4 {[%clk 0:02:58]} 8. cxd4 {[%clk 0:02:57]}  Bb4+ {[%clk 0:02:58]} 9. Bd2 {[%clk 0:02:57]}  Bxd2+ {[%clk 0:02:59]} 10. Qxd2 {[%clk 0:02:58]}  O-O {[%clk 0:02:59]} 11. Bc4 {[%clk 0:02:58]}  Nd7 {[%clk 0:02:57]} 12. O-O {[%clk 0:02:57]}  b6 {[%clk 0:02:51]} 13. d5 {[%clk 0:02:44]}  Nf6 {[%clk 0:02:50]} 14. dxe6 {[%clk 0:02:35]}  Bxe6 {[%clk 0:02:47]} 15. Bxe6 {[%clk 0:02:27]}  Qxd2 {[%clk 0:02:47]} 16. Nxd2 {[%clk 0:02:28]}  fxe6 {[%clk 0:02:47]} 17. f3 {[%clk 0:02:19]}  Rfd8 {[%clk 0:02:45]} 18. Rfd1 {[%clk 0:02:16]}  Rac8 {[%clk 0:02:40]} 19. Nb3 {[%clk 0:02:10]}  Rxd1+ {[%clk 0:02:29]} 20. Rxd1 {[%clk 0:02:08]}  Kf7 {[%clk 0:02:30]} 21. Kf2 {[%clk 0:02:02]}  a5 {[%clk 0:02:27]} 22. Nd4 {[%clk 0:01:47]}  Ke7 {[%clk 0:02:18]} 23. Rb1 {[%clk 0:01:38]}  Nd7 {[%clk 0:02:15]} 24. Rb2 {[%clk 0:01:32]}  Rc1 {[%clk 0:02:14]} 25. h4 {[%clk 0:01:25]}  h5 {[%clk 0:02:13]} 26. Kg3 {[%clk 0:01:23]}  g6 {[%clk 0:02:06]} 27. Ne2 {[%clk 0:01:09]}  Ra1 {[%clk 0:01:58]} 28. Kf4 {[%clk 0:01:05]}  Kf6 {[%clk 0:01:58]} 29. g4 {[%clk 0:01:00]}  e5+ {[%clk 0:01:56]} 30. Kg3 {[%clk 0:00:53]}  Ke6 {[%clk 0:01:51]} 31. Nc3 {[%clk 0:00:49]}  Kd6 {[%clk 0:01:42]} 32. Nd5 {[%clk 0:00:47]}  Kc5 {[%clk 0:01:28]} 33. g5 {[%clk 0:00:42]}  b5 {[%clk 0:01:19]} 34. Rc2+ {[%clk 0:00:42]}  Kd6 {[%clk 0:01:16]} 35. Rd2 {[%clk 0:00:42]}  Nc5 {[%clk 0:01:02]} 36. Nf4+ {[%clk 0:00:36]}  Kc7 {[%clk 0:00:59]} 37. Nxg6 {[%clk 0:00:36]}  b4 {[%clk 0:00:55]} 38. Nxe5 {[%clk 0:00:34]}  a4 {[%clk 0:00:53]} 39. g6 {[%clk 0:00:31]}  Ne6 {[%clk 0:00:53]} 40. f4 {[%clk 0:00:25]}  b3 {[%clk 0:00:39]} 41. axb3 {[%clk 0:00:25]}  axb3 {[%clk 0:00:39]} 42. f5 {[%clk 0:00:25]}  Nc5 {[%clk 0:00:31]} 43. g7 {[%clk 0:00:24]}  Rg1+ {[%clk 0:00:30]} 44. Rg2 {[%clk 0:00:20]}  Nxe4+ {[%clk 0:00:29]} 45. Kh2 {[%clk 0:00:12]}  Rxg2+ {[%clk 0:00:30]} 46. Kxg2 {[%clk 0:00:13]}  Nf6 {[%clk 0:00:25]} 47. Nd3 {[%clk 0:00:11]}  Kd6 {[%clk 0:00:23]} 48. Kf3 {[%clk 0:00:11]}  Ke7 {[%clk 0:00:16]} 49. Kf4 {[%clk 0:00:11]}  Nh7 {[%clk 0:00:13]} 50. Ke5 {[%clk 0:00:06]}  Kf7 {[%clk 0:00:12]} 51. g8=Q+ {[%clk 0:00:05]}  Kxg8 {[%clk 0:00:12]} 52. Ke6 {[%clk 0:00:06]}  Kf8 {[%clk 0:00:11]} 53. f6 {[%clk 0:00:07]}  Ke8 {[%clk 0:00:10]} 54. f7+ {[%clk 0:00:07]}  Kf8 {[%clk 0:00:10]} 55. Ne5 {[%clk 0:00:00]}  b2 {[%clk 0:00:08]} 0-1

[Event "April 9 Early 2024"]
[Site "Chess.com"]
[Date "2024.04.09"]
[Round "9"]
[White "Matinian, Nikita"]
[Black "Daaevik Wadhawan"]
[Result "0-1"]
[Board "75"]
[WhiteFideId "24129100"]
[BlackFideId "45015724"]
[WhiteTitle "GM"]
[BlackTitle "FM"]
[WhiteElo "2771"]
[BlackElo "2586"]
[WhiteTeam "FID"]
[BlackTeam "IND"]
[WhiteClock "0:00:00"]
[BlackClock "0:00:03"]
[Variant "Standard"]

1. d4 {[%clk 0:03:00]}  Nf6 {[%clk 0:02:55]} 2. c4 {[%clk 0:02:59]}  e6 {[%clk 0:02:54]} 3. Nc3 {[%clk 0:02:58]}  Bb4 {[%clk 0:02:55]} 4. e3 {[%clk 0:02:57]}  O-O {[%clk 0:02:54]} 5. Bd3 {[%clk 0:02:56]}  d5 {[%clk 0:02:52]} 6. Ne2 {[%clk 0:02:56]}  b6 {[%clk 0:02:48]} 7. O-O {[%clk 0:02:55]}  dxc4 {[%clk 0:02:42]} 8. Bxc4 {[%clk 0:02:54]}  Bb7 {[%clk 0:02:43]} 9. a3 {[%clk 0:02:54]}  Be7 {[%clk 0:02:36]} 10. b4 {[%clk 0:02:52]}  c5 {[%clk 0:02:34]} 11. dxc5 {[%clk 0:02:51]}  bxc5 {[%clk 0:02:35]} 12. b5 {[%clk 0:02:49]}  Nbd7 {[%clk 0:02:31]} 13. a4 {[%clk 0:02:49]}  Nb6 {[%clk 0:02:30]} 14. Bb3 {[%clk 0:02:47]}  a5 {[%clk 0:02:31]} 15. Ba3 {[%clk 0:02:40]}  Qc7 {[%clk 0:02:26]} 16. Nf4 {[%clk 0:02:33]}  c4 {[%clk 0:02:16]} 17. Bxe7 {[%clk 0:02:31]}  Qxe7 {[%clk 0:02:17]} 18. Bc2 {[%clk 0:02:31]}  Rfd8 {[%clk 0:02:08]} 19. Qc1 {[%clk 0:02:28]}  e5 {[%clk 0:02:07]} 20. Nfe2 {[%clk 0:02:25]}  Nfd7 {[%clk 0:01:28]} 21. f3 {[%clk 0:02:15]}  Nc5 {[%clk 0:01:27]} 22. e4 {[%clk 0:02:15]}  Nd3 {[%clk 0:01:23]} 23. Qe3 {[%clk 0:02:14]}  Qc5 {[%clk 0:01:24]} 24. Qxc5 {[%clk 0:02:13]}  Nxc5 {[%clk 0:01:25]} 25. Kf2 {[%clk 0:02:10]}  Rd2 {[%clk 0:01:24]} 26. Rfc1 {[%clk 0:02:08]}  Rad8 {[%clk 0:01:04]} 27. Ke1 {[%clk 0:02:08]}  R2d4 {[%clk 0:00:58]} 28. Rd1 {[%clk 0:01:59]}  Nd3+ {[%clk 0:00:58]} 29. Bxd3 {[%clk 0:01:55]}  Rxd3 {[%clk 0:00:57]} 30. Ra2 {[%clk 0:01:37]}  g6 {[%clk 0:00:35]} 31. Rad2 {[%clk 0:01:35]}  Rxd2 {[%clk 0:00:18]} 32. Rxd2 {[%clk 0:01:35]}  Rxd2 {[%clk 0:00:17]} 33. Kxd2 {[%clk 0:01:36]}  Kf8 {[%clk 0:00:13]} 34. Ke3 {[%clk 0:01:28]}  Ke7 {[%clk 0:00:13]} 35. f4 {[%clk 0:01:26]}  f6 {[%clk 0:00:13]} 36. g4 {[%clk 0:01:24]}  Kd6 {[%clk 0:00:09]} 37. h4 {[%clk 0:01:15]}  h6 {[%clk 0:00:06]} 38. f5 {[%clk 0:01:13]}  g5 {[%clk 0:00:03]} 39. hxg5 {[%clk 0:01:12]}  hxg5 {[%clk 0:00:04]} 40. Ng3 {[%clk 0:01:13]}  Nd7 {[%clk 0:00:04]} 41. Nh5 {[%clk 0:01:13]}  Kc5 {[%clk 0:00:04]} 42. Kd2 {[%clk 0:01:07]}  Kd4 {[%clk 0:00:04]} 43. Ng3 {[%clk 0:00:57]}  Kc5 {[%clk 0:00:03]} 44. Kc2 {[%clk 0:00:54]}  Nb6 {[%clk 0:00:02]} 45. Nh5 {[%clk 0:00:50]}  Nd7 {[%clk 0:00:02]} 46. Ng7 {[%clk 0:00:42]}  Kb4 {[%clk 0:00:02]} 47. Ne6 {[%clk 0:00:40]}  Nc5 {[%clk 0:00:01]} 48. Nd5+ {[%clk 0:00:29]}  Bxd5 {[%clk 0:00:01]} 49. exd5 {[%clk 0:00:30]}  Nb7 {[%clk 0:00:01]} 50. Nf8 {[%clk 0:00:19]}  Kxa4 {[%clk 0:00:02]} 51. Nd7 {[%clk 0:00:20]}  Kxb5 {[%clk 0:00:02]} 52. Nxf6 {[%clk 0:00:20]}  Kc5 {[%clk 0:00:03]} 53. Ne4+ {[%clk 0:00:14]}  Kxd5 {[%clk 0:00:03]} 54. Nxg5 {[%clk 0:00:15]}  Nc5 {[%clk 0:00:02]} 55. f6 {[%clk 0:00:14]}  Nd7 {[%clk 0:00:03]} 56. Nh7 {[%clk 0:00:12]}  Ke6 {[%clk 0:00:03]} 57. g5 {[%clk 0:00:12]}  Kf7 {[%clk 0:00:03]} 58. Kc3 {[%clk 0:00:11]}  Kg6 {[%clk 0:00:04]} 59. Kxc4 {[%clk 0:00:07]}  Kxh7 {[%clk 0:00:04]} 60. Kd5 {[%clk 0:00:08]}  a4 {[%clk 0:00:04]} 61. Ke6 {[%clk 0:00:09]}  Nf8+ {[%clk 0:00:04]} 62. Kf7 {[%clk 0:00:02]}  Ng6 {[%clk 0:00:03]} 63. Ke6 {[%clk 0:00:00]}  a3 {[%clk 0:00:03]} 0-1

[Event "April 9 Early 2024"]
[Site "Chess.com"]
[Date "2024.04.09"]
[Round "9"]
[White "Dubnevych, Maksym"]
[Black "Yagupov, Igor"]
[Result "1-0"]
[Board "76"]
[WhiteFideId "14184001"]
[BlackFideId "4113632"]
[WhiteTitle "FM"]
[BlackTitle "GM"]
[WhiteElo "2742"]
[BlackElo "2579"]
[WhiteTeam "UKR"]
[BlackTeam "RUS"]
[WhiteClock "0:02:15"]
[BlackClock "0:00:13"]
[Variant "Standard"]

1. Nc3 {[%clk 0:03:00]}  d5 {[%clk 0:02:59]} 2. e4 {[%clk 0:03:00]}  d4 {[%clk 0:02:59]} 3. Nce2 {[%clk 0:03:00]}  e5 {[%clk 0:02:59]} 4. c3 {[%clk 0:03:00]}  c5 {[%clk 0:02:53]} 5. Ng3 {[%clk 0:03:01]}  Be6 {[%clk 0:02:50]} 6. Bb5+ {[%clk 0:03:01]}  Nd7 {[%clk 0:02:48]} 7. Nf3 {[%clk 0:03:01]}  f6 {[%clk 0:02:47]} 8. O-O {[%clk 0:03:01]}  a6 {[%clk 0:02:46]} 9. Bxd7+ {[%clk 0:03:01]}  Qxd7 {[%clk 0:02:45]} 10. cxd4 {[%clk 0:03:02]}  cxd4 {[%clk 0:02:45]} 11. d3 {[%clk 0:03:03]}  Ne7 {[%clk 0:02:40]} 12. Bd2 {[%clk 0:03:03]}  Nc6 {[%clk 0:02:39]} 13. Rc1 {[%clk 0:03:02]}  Bb4 {[%clk 0:02:36]} 14. Bxb4 {[%clk 0:03:02]}  Nxb4 {[%clk 0:02:36]} 15. a3 {[%clk 0:03:02]}  Nc6 {[%clk 0:02:35]} 16. Nh4 {[%clk 0:03:02]}  g6 {[%clk 0:02:23]} 17. Qd2 {[%clk 0:02:58]}  O-O {[%clk 0:02:21]} 18. Nf3 {[%clk 0:02:53]}  a5 {[%clk 0:02:10]} 19. h4 {[%clk 0:02:52]}  a4 {[%clk 0:02:05]} 20. h5 {[%clk 0:02:52]}  Kg7 {[%clk 0:01:55]} 21. Rc2 {[%clk 0:02:47]}  Rfc8 {[%clk 0:01:52]} 22. Rfc1 {[%clk 0:02:46]}  Bb3 {[%clk 0:01:46]} 23. Rc5 {[%clk 0:02:45]}  b6 {[%clk 0:01:35]} 24. Rb5 {[%clk 0:02:44]}  Rab8 {[%clk 0:01:35]} 25. Nh4 {[%clk 0:02:40]}  Be6 {[%clk 0:01:22]} 26. f4 {[%clk 0:02:23]}  exf4 {[%clk 0:01:20]} 27. Qxf4 {[%clk 0:02:24]}  g5 {[%clk 0:00:55]} 28. h6+ {[%clk 0:02:19]}  Kf7 {[%clk 0:00:34]} 29. Rxg5 {[%clk 0:02:18]}  Rg8 {[%clk 0:00:13]} 30. Nh5 {[%clk 0:02:15]} 1-0

[Event "April 9 Early 2024"]
[Site "Chess.com"]
[Date "2024.04.09"]
[Round "9"]
[White "Jaskolka, Tomasz"]
[Black "Tigran Mukhutdinov"]
[Result "0-1"]
[Board "78"]
[WhiteFideId "1170791"]
[BlackFideId "34108570"]
[WhiteTitle "CM"]
[BlackTitle "FM"]
[WhiteElo "2573"]
[BlackElo "2690"]
[WhiteTeam "POL"]
[BlackTeam "RUS"]
[WhiteClock "0:00:18"]
[BlackClock "0:01:04"]
[Variant "Standard"]

1. e4 {[%clk 0:03:00]}  c5 {[%clk 0:02:59]} 2. Nf3 {[%clk 0:03:00]}  Nc6 {[%clk 0:03:00]} 3. b4 {[%clk 0:03:00]}  e5 {[%clk 0:02:59]} 4. b5 {[%clk 0:02:53]}  Nd4 {[%clk 0:03:00]} 5. c3 {[%clk 0:02:52]}  Nxf3+ {[%clk 0:02:59]} 6. Qxf3 {[%clk 0:02:52]}  Nf6 {[%clk 0:02:55]} 7. Bc4 {[%clk 0:02:52]}  d6 {[%clk 0:02:53]} 8. d3 {[%clk 0:02:52]}  Be7 {[%clk 0:02:53]} 9. h3 {[%clk 0:02:49]}  Be6 {[%clk 0:02:51]} 10. Bxe6 {[%clk 0:02:50]}  fxe6 {[%clk 0:02:52]} 11. c4 {[%clk 0:02:50]}  a6 {[%clk 0:02:50]} 12. Nc3 {[%clk 0:02:48]}  O-O {[%clk 0:02:45]} 13. Bd2 {[%clk 0:02:36]}  axb5 {[%clk 0:02:32]} 14. Nxb5 {[%clk 0:02:36]}  d5 {[%clk 0:02:31]} 15. Qe2 {[%clk 0:02:29]}  d4 {[%clk 0:02:18]} 16. O-O {[%clk 0:02:27]}  Ne8 {[%clk 0:02:12]} 17. a4 {[%clk 0:02:25]}  Nd6 {[%clk 0:02:12]} 18. f4 {[%clk 0:02:19]}  exf4 {[%clk 0:02:10]} 19. Bxf4 {[%clk 0:02:20]}  Nxb5 {[%clk 0:02:10]} 20. axb5 {[%clk 0:02:20]}  Rxa1 {[%clk 0:02:10]} 21. Rxa1 {[%clk 0:02:15]}  Rxf4 {[%clk 0:02:11]} 22. Ra7 {[%clk 0:02:15]}  Qb8 {[%clk 0:02:09]} 23. b6 {[%clk 0:02:15]}  Rf8 {[%clk 0:02:07]} 24. Qg4 {[%clk 0:02:14]}  Bd6 {[%clk 0:01:56]} 25. Qxe6+ {[%clk 0:02:14]}  Kh8 {[%clk 0:01:57]} 26. Ra1 {[%clk 0:02:03]}  Qd8 {[%clk 0:01:50]} 27. e5 {[%clk 0:02:01]}  Bb8 {[%clk 0:01:49]} 28. Re1 {[%clk 0:01:54]}  Qe8 {[%clk 0:01:43]} 29. Qd5 {[%clk 0:01:52]}  Qf7 {[%clk 0:01:40]} 30. Qe4 {[%clk 0:01:46]}  Qf2+ {[%clk 0:01:34]} 31. Kh1 {[%clk 0:01:44]}  Re8 {[%clk 0:01:31]} 32. Ra1 {[%clk 0:01:20]}  h6 {[%clk 0:01:16]} 33. Qxb7 {[%clk 0:01:01]}  Bxe5 {[%clk 0:01:09]} 34. Qc6 {[%clk 0:01:00]}  Rf8 {[%clk 0:01:04]} 35. g4 {[%clk 0:00:18]}  Qh2# {[%clk 0:01:04]} 0-1

[Event "April 9 Early 2024"]
[Site "Chess.com"]
[Date "2024.04.09"]
[Round "9"]
[White "Lehtosaari, Mauri"]
[Black "Skatchkov, Valery"]
[Result "1-0"]
[Board "79"]
[WhiteFideId "501999"]
[BlackFideId "24195812"]
[BlackTitle "FM"]
[WhiteElo "2559"]
[BlackElo "2668"]
[WhiteTeam "FIN"]
[BlackTeam "RUS"]
[WhiteClock "0:02:20"]
[BlackClock "0:02:13"]
[Variant "Standard"]

1. d4 {[%clk 0:03:00]}  d5 {[%clk 0:02:59]} 2. Nf3 {[%clk 0:02:59]}  Nf6 {[%clk 0:02:58]} 3. Bg5 {[%clk 0:02:55]}  c5 {[%clk 0:02:58]} 4. e3 {[%clk 0:02:54]}  Nc6 {[%clk 0:02:57]} 5. c4 {[%clk 0:02:54]}  cxd4 {[%clk 0:02:56]} 6. exd4 {[%clk 0:02:50]}  Ne4 {[%clk 0:02:56]} 7. Be3 {[%clk 0:02:49]}  e6 {[%clk 0:02:55]} 8. Nc3 {[%clk 0:02:44]}  Bb4 {[%clk 0:02:55]} 9. Qb3 {[%clk 0:02:45]}  Qa5 {[%clk 0:02:53]} 10. Rc1 {[%clk 0:02:43]}  O-O {[%clk 0:02:52]} 11. Bd3 {[%clk 0:02:39]}  dxc4 {[%clk 0:02:37]} 12. Qxc4 {[%clk 0:02:29]}  Nxc3 {[%clk 0:02:24]} 13. bxc3 {[%clk 0:02:28]}  Ba3 {[%clk 0:02:24]} 14. Rb1 {[%clk 0:02:27]}  Bd7 {[%clk 0:02:12]} 15. Rb5 {[%clk 0:02:20]}  Rfc8 {[%clk 0:02:13]} 1-0

[Event "April 9 Early 2024"]
[Site "Chess.com"]
[Date "2024.04.09"]
[Round "9"]
[White "Aaditya Dhingra"]
[Black "Rolly Parondo"]
[Result "0-1"]
[Board "82"]
[WhiteFideId "25678191"]
[BlackFideId "5217407"]
[WhiteTitle "IM"]
[WhiteElo "2535"]
[BlackElo "2659"]
[WhiteTeam "IND"]
[BlackTeam "PHI"]
[WhiteClock "0:00:01"]
[BlackClock "0:00:20"]
[Variant "Standard"]

1. e4 {[%clk 0:03:00]}  c5 {[%clk 0:02:58]} 2. Nf3 {[%clk 0:03:00]}  d6 {[%clk 0:02:59]} 3. d4 {[%clk 0:03:00]}  cxd4 {[%clk 0:02:59]} 4. Nxd4 {[%clk 0:03:00]}  Nf6 {[%clk 0:03:00]} 5. Nc3 {[%clk 0:03:00]}  g6 {[%clk 0:03:01]} 6. Be2 {[%clk 0:02:49]}  Bg7 {[%clk 0:03:01]} 7. O-O {[%clk 0:02:48]}  O-O {[%clk 0:02:59]} 8. Be3 {[%clk 0:02:49]}  Nc6 {[%clk 0:02:59]} 9. f4 {[%clk 0:02:47]}  Nxd4 {[%clk 0:02:37]} 10. Bxd4 {[%clk 0:02:45]}  Bd7 {[%clk 0:02:37]} 11. Bf3 {[%clk 0:02:42]}  Bc6 {[%clk 0:02:37]} 12. Kh1 {[%clk 0:02:40]}  e5 {[%clk 0:02:30]} 13. fxe5 {[%clk 0:02:29]}  dxe5 {[%clk 0:02:31]} 14. Bxe5 {[%clk 0:02:05]}  Re8 {[%clk 0:02:31]} 15. Bd6 {[%clk 0:01:29]}  Nxe4 {[%clk 0:02:18]} 16. Bxe4 {[%clk 0:01:27]}  Bxe4 {[%clk 0:02:19]} 17. Nxe4 {[%clk 0:01:28]}  Rxe4 {[%clk 0:02:19]} 18. Qd5 {[%clk 0:01:22]}  Re7 {[%clk 0:02:02]} 19. Rad1 {[%clk 0:01:16]}  Rd7 {[%clk 0:02:01]} 20. c4 {[%clk 0:01:09]}  Bxb2 {[%clk 0:02:01]} 21. c5 {[%clk 0:01:04]}  Rc8 {[%clk 0:01:57]} 22. Qf3 {[%clk 0:00:57]}  Bg7 {[%clk 0:01:39]} 23. Qg4 {[%clk 0:00:40]}  h5 {[%clk 0:01:37]} 24. Qa4 {[%clk 0:00:32]}  b6 {[%clk 0:01:32]} 25. Bg3 {[%clk 0:00:27]}  Rxd1 {[%clk 0:01:09]} 26. Rxd1 {[%clk 0:00:27]}  Qe7 {[%clk 0:01:10]} 27. c6 {[%clk 0:00:20]}  Qe8 {[%clk 0:01:07]} 28. Rc1 {[%clk 0:00:19]}  Bh6 {[%clk 0:01:05]} 29. Rc2 {[%clk 0:00:14]}  Qe3 {[%clk 0:00:50]} 30. Qa6 {[%clk 0:00:07]}  Qe6 {[%clk 0:00:46]} 31. c7 {[%clk 0:00:05]}  h4 {[%clk 0:00:45]} 32. Bxh4 {[%clk 0:00:04]}  Qd7 {[%clk 0:00:45]} 33. Qe2 {[%clk 0:00:02]}  Rxc7 {[%clk 0:00:43]} 34. Rxc7 {[%clk 0:00:02]}  Qxc7 {[%clk 0:00:44]} 35. h3 {[%clk 0:00:03]}  Bf4 {[%clk 0:00:38]} 36. Bf2 {[%clk 0:00:02]}  Qc1+ {[%clk 0:00:38]} 37. Qe1 {[%clk 0:00:02]}  Qxe1+ {[%clk 0:00:37]} 38. Bxe1 {[%clk 0:00:03]}  f5 {[%clk 0:00:37]} 39. g3 {[%clk 0:00:03]}  Be3 {[%clk 0:00:37]} 40. Kg2 {[%clk 0:00:04]}  b5 {[%clk 0:00:36]} 41. Kf3 {[%clk 0:00:05]}  Bc1 {[%clk 0:00:37]} 42. g4 {[%clk 0:00:03]}  Kf7 {[%clk 0:00:37]} 43. gxf5 {[%clk 0:00:02]}  gxf5 {[%clk 0:00:38]} 44. h4 {[%clk 0:00:03]}  Kg6 {[%clk 0:00:38]} 45. Bf2 {[%clk 0:00:03]}  Kh5 {[%clk 0:00:38]} 46. Bxa7 {[%clk 0:00:03]}  Kxh4 {[%clk 0:00:36]} 47. Bc5 {[%clk 0:00:02]}  Kg5 {[%clk 0:00:36]} 48. Be7+ {[%clk 0:00:03]}  Kg6 {[%clk 0:00:36]} 49. Bd8 {[%clk 0:00:03]}  Kf7 {[%clk 0:00:36]} 50. Bc7 {[%clk 0:00:02]}  Ke6 {[%clk 0:00:36]} 51. Bb8 {[%clk 0:00:02]}  Kd5 {[%clk 0:00:36]} 52. Bc7 {[%clk 0:00:02]}  Kc4 {[%clk 0:00:37]} 53. Bd6 {[%clk 0:00:02]}  Bg5 {[%clk 0:00:31]} 54. Be5 {[%clk 0:00:01]}  Kb4 {[%clk 0:00:30]} 55. Bd6+ {[%clk 0:00:01]}  Kc3 {[%clk 0:00:30]} 56. Ke2 {[%clk 0:00:02]}  Kb2 {[%clk 0:00:28]} 57. a3 {[%clk 0:00:02]}  Kb3 {[%clk 0:00:29]} 58. Kd3 {[%clk 0:00:02]}  Bc1 {[%clk 0:00:27]} 59. Kd4 {[%clk 0:00:02]}  Bxa3 {[%clk 0:00:27]} 60. Bc7 {[%clk 0:00:02]}  Bc1 {[%clk 0:00:23]} 61. Kc5 {[%clk 0:00:02]}  b4 {[%clk 0:00:24]} 62. Kd5 {[%clk 0:00:02]}  Kc2 {[%clk 0:00:22]} 63. Bd6 {[%clk 0:00:01]}  b3 {[%clk 0:00:20]} 64. Be5 {[%clk 0:00:01]} 0-1